Annual Report 1999 Národná banka Slovenska

Salvato in:
Dettagli Bibliografici
Natura: Libro
Lingua:inglese
Pubblicazione: Bratislava Národná banka Slovenska 2000
Soggetti:
Tags: Aggiungi Tag
Nessun Tag, puoi essere il primo ad aggiungerne!!

MARC

LEADER 00000nam a2200000 4500
001 c119575
005 20221108091636.3
041 0 |a eng 
044 |a SK 
245 1 0 |a Annual Report 1999  |b Národná banka Slovenska 
264 1 |a Bratislava  |b Národná banka Slovenska  |c 2000 
300 |a 149 s. 
610 2 0 |a banky 
610 2 0 |a bankovníctvo 
610 2 0 |a NBS Bratislava 
610 2 0 |a 1999